| 000 | 00506nam a2200205Ia 4500 | ||
|---|---|---|---|
| 008 | 170918s9999 xx 000 0 und d | ||
| 020 | _a9780545308380 | ||
| 050 | _bB477 2010 | ||
| 100 | _aBently, Peter | ||
| 245 | _aCasketball capers / | ||
| 245 | _cby Peter Bently ; illustrated by Chris Harrison. | ||
| 260 | _aNew York : | ||
| 260 | _bScholastic, | ||
| 260 | _c2010 | ||
| 300 | _a89 pages : | ||
| 300 | _billustrations ; | ||
| 300 | _c19cm. | ||
| 300 | _eVampire school. | ||
| 500 | _a560 | ||
| 999 |
_c344239 _d344239 |
||